000
00298nam a22001217a 4500
008
230620b xxu||||| |||| 00| 0 eng d
082
_a
320.96
_b
BAR
100
_c
Vernon Bartlett
245
_a
Struggle for Africa
260
_a
London
_b
Frederick Muller LTD
_c
1953
300
_a
243p
942
_2
ddc
_c
BK
999
_c
1689
_d
1689